000 01930nam1a2200349 i 4500
001 RU\NLR\bibl\818887
005 20260406152335.0
010 _a5-7107-8903-8
_91000
035 _a(NLR Aleph) 000807811
090 _a1222028
_c1222028
100 _a20050712d2004 u y0rusy50 ca
101 0 _arus
102 _aRU
105 _a||||j |||||
200 1 _aЗадачи и упражнения по математическому анализу
_eучебник для студентов высших учебных заведений, обучающихся по направлениям и специальностям физико-математического профиля
_e[в 2 ч.]
_fИ.А. Виноградова, С.Н. Олехник, В.А. Садовничий
_gМГУ им. М.В. Ломоносова
205 _a4-е изд., стер.
210 _aМосква
_cДрофа
_cИзд-во Моск. ун-та
_d2004
215 _d22
225 1 _aСерия "Классический учебник"
_fредсовет: пред. В.А. Садовничий [и др.]
300 _aНа тит.л.: МГУ им. М.В. Ломоносова. 250 лет
463 0 _1001792247
463 0 _1001792252
606 1 _aМатематический анализ
_jЗадачники
_9963473
_3RU\NLR\auth\6641277
686 _aВ161я73-4
700 1 _4070
_7ca
_8rus
_aВиноградова
_bИ. А.
_cканд. физ.-мат. наук
_gИрина Андреевна
_9115822
_3RU\NLR\auth\775863
701 1 _4070
_7ca
_8rus
_aОлехник
_bС. Н.
_gСлав Николаевич
_9115826
_3RU\NLR\auth\775867
701 1 _4070
_7ca
_8rus
_aСадовничий
_bВ. А.
_f1939-
_gВиктор Антонович
_9115831
_3RU\NLR\auth\775872
801 0 _aRU
_bNLR
_c20050712
_grcr
801 1 _aRU
_bNLR
_c20050712
852 _aNLR
_j2005-5/2859
942 _cBOOK